| 000 | 00405nam a2200145Ia 4500 | ||
|---|---|---|---|
| 008 | 230312s9999||||xx |||||||||||||| ||und|| | ||
| 020 | _a969421047-x | ||
| 082 |
_a891.4 _bAKB-T |
||
| 100 | _aمولانا اکبر شاہ خاں نجیب آبادی | ||
| 245 | 0 | _aتارِیخ اسِلام | |
| 260 |
_bنفیس اکیڈمی لاھور _apak _c1955 |
||
| 300 | _a600 | ||
| 650 | _aLiterature | ||
| 942 | _cBK | ||
| 999 |
_c14997 _d14997 |
||